Evaluación de la planta de tratamiento de agua residual de Bosques de Santa Ana conformada por un reactor anaerobio de flujo ascendente de manto de lodos (UASB) con postratamiento de lodos activados.
Сохранить в:
| Главный автор: | |
|---|---|
| Другие авторы: | |
| Формат: | |
| Язык: | Spanish |
| Опубликовано: |
[San José ], Costa Rica
2019
|
| Предметы: | |
| Метки: |
Добавить метку
Нет меток, Требуется 1-ая метка записи!
|
MARC
| LEADER | 00000nam a22000007a 4500 | ||
|---|---|---|---|
| 003 | 013044 | ||
| 005 | 20230529090613.0 | ||
| 008 | 190514b2019 cr a|||| |m|| 00| ||spa d | ||
| 040 | |c cru CEDI | ||
| 100 | |9 579 |a Flores Sánchez, Eduardo Alfonso, 1992- | ||
| 245 | |a Evaluación de la planta de tratamiento de agua residual de Bosques de Santa Ana conformada por un reactor anaerobio de flujo ascendente de manto de lodos (UASB) con postratamiento de lodos activados. | ||
| 260 | |a [San José ], Costa Rica |c 2019 | ||
| 500 | |a Proyecto de graduación (licenciatura en ingeniería civil)--Universidad de Costa Rica. Facultad de Ingeniería. Escuela de Ingeniería Civil. | ||
| 501 | |a Directora de Proyecto de Graduación: Ing. Paola Vidal Rivera | ||
| 610 | 0 | |9 578 |a URBANIZACION BOSQUES DE SANTA ANA (COSTA RICA) | |
| 650 | |x PLANTAS PARA TRATAMIENTO DE AGUAS RESIDUALES - EVALUACION |x BIOMASA |x REACTOR ANAEROBIO DE FLUJO ASCENDENTE |x AGUAS RESIDUALES |x PURIFICACION DE AGUAS RESIDUALES | ||
| 700 | |9 2 |a Vidal Rivera, Paola Marcela 1979- |d Directora del TFG | ||
| 942 | |c CEDI |h TFG 8194 |6 TFG_8194_000000000000000 | ||
| 999 | |c 21686 |d 21686 | ||
